Southville International School and Colleges
Your cart is empty.
  • Cart
  • Lists
    Public lists Eva Luna New books Lux_list list_1
    Your lists Log in to create your own lists
  • Log in to your account
  • Your cookies
  • Search history
Southville International School and Colleges
  • Advanced search
  • Recent comments
  • Most popular
  • Libraries

Log in to your account

Log in with GOOGLE


If you do not have an external account, but do have a local account, you can still log in:

  1. Home
  2. MARC view: Learning on the blog :
Normal view MARC view ISBD view

Learning on the blog : (Record no. 6548)

[ view plain ]
MARC details
000 -LEADER
fixed length control field 00719nam a22002177a 4500
003 - CONTROL NUMBER IDENTIFIER
control field OSt
005 - DATE AND TIME OF LATEST TRANSACTION
control field 20140310181911.0
008 - FIXED-LENGTH DATA ELEMENTS--GENERAL INFORMATION
fixed length control field 130712t xxu||||| |||| 00| 0 eng d
020 ## - INTERNATIONAL STANDARD BOOK NUMBER
International Standard Book Number 9781412995702
050 ## - LIBRARY OF CONGRESS CALL NUMBER
Classification number LB 1044.87
Item number .R521 2011
082 ## - DEWEY DECIMAL CLASSIFICATION NUMBER
Classification number TR 005.3
Item number W675 1985
245 ## - TITLE STATEMENT
Title Learning on the blog :
Remainder of title collected posts for educators and parents /
Statement of responsibility, etc Will Richardson
260 ## - PUBLICATION, DISTRIBUTION, ETC. (IMPRINT)
Place of publication, distribution, etc Thousand Oaks :
Name of publisher, distributor, etc Corwin Press,
Date of publication, distribution, etc c2012.
300 ## - PHYSICAL DESCRIPTION
Extent 130 p. :
Dimensions 26 cm.
500 ## - GENERAL NOTE
General note Includes index.
520 ## - SUMMARY, ETC.
Summary, etc 1. Internet in education. 2. Teaching--Aids and devices 3. Blogs 4. Educational technology. 5. Educational change.
521 ## - TARGET AUDIENCE NOTE
Target audience note
541 ## - IMMEDIATE SOURCE OF ACQUISITION NOTE
-- 1
562 ## - COPY AND VERSION IDENTIFICATION NOTE
Number of copies 1
942 ## - ADDED ENTRY ELEMENTS (KOHA)
Source of classification or shelving scheme Library of Congress Classification
Koha item type
Call number prefix
Holdings
Withdrawn status Lost status Source of classification or shelving scheme Damaged status Home library Current library Shelving location Date acquired Total Checkouts Full call number Barcode Date last seen Copy number Price effective from Koha item type
    Library of Congress Classification   Luxembourg Library Luxembourg Library Teachers Reference Section 07/12/2013   LB 1044.87 .R521 2011 19374 08/13/2013 1 07/12/2013 Books

Learning on the blog :

APA

(2012). Learning on the blog. Thousand Oaks: Corwin Press.

Chicago

2012. Learning on the blog. Thousand Oaks: Corwin Press.

Harvard

(2012). Learning on the blog. Thousand Oaks: Corwin Press.

MLA

Learning on the blog. Thousand Oaks: Corwin Press. 2012.

  • Place hold
  • Print
  • Cite
  • Add to your cart (remove)
  • Save record
    BIBTEX Dublin Core MARCXML MARC (non-Unicode/MARC-8) MARC (Unicode/UTF-8) MARC (Unicode/UTF-8, Standard) MODS (XML) RIS
  • More searches
    Search for this title in:
    Other Libraries (WorldCat) Other Databases (Google Scholar) Online Stores (Bookfinder.com) Open Library (openlibrary.org)

Exporting to Dublin Core...

SOUTHVILLE LIBRARY

Southville International School and Colleges Library

1281 Tropical Ave. Cor. Luxembourg St., BF Homes International, Las Pinas City

Tel. No. 8256374 / 252358 Loc. 117/146

Powered by Koha